Jednoduchá spoločnosť je ušitá pre start-upy

Okrem štyroch tradičných foriem obchodných spoločností (verejná obchodná spoločnosť, komanditná spoločnosť, spoločnosť s ručením obmedzeným, akciová spoločnosť) môžu podnikatelia rozvíjať svoje podnikanie v novej forme spoločnosti - v jednoduchej spoločnosti na akcie "j.s.a.". Jednoduchá spoločnosť...

Ausführliche Beschreibung

Gespeichert in:
Bibliographische Detailangaben
1. Verfasser: Kollárová, Zuzana
Format: Buchkapitel
Sprache:Slowakisch
Schlagworte:
Tags: Tag hinzufügen
Keine Tags, Fügen Sie das erste Tag hinzu!

MARC

LEADER 00000naa a2200000 4500
001 0229326
005 20170418120146.1
041 0 |a slo 
044 |a SK 
245 1 0 |a Jednoduchá spoločnosť je ušitá pre start-upy  |c Zuzana Kollárová 
520 |a Okrem štyroch tradičných foriem obchodných spoločností (verejná obchodná spoločnosť, komanditná spoločnosť, spoločnosť s ručením obmedzeným, akciová spoločnosť) môžu podnikatelia rozvíjať svoje podnikanie v novej forme spoločnosti - v jednoduchej spoločnosti na akcie "j.s.a.". Jednoduchá spoločnosť má kombinovať znaky a hlavné výhody spoločnosti s ručením obmedzeným a akciovej spoločnosti. Má uľahčiť podnikanie najmä začínajúcim projektom, start-upom. Akcionári za jej záväzky neručia. Hlavné výhody podnikania formou j.s.a. 
610 2 0 |a spoločnosti obchodné 
610 2 0 |a start-up 
610 2 0 |a podnikanie 
610 2 0 |a podnikatelia 
610 2 0 |a akcie 
610 2 0 |a akcionári 
610 2 0 |a spoločnosti akciové 
610 2 0 |a spoločnosti s r.o. 
100 1 |a Kollárová, Zuzana